Programa de la enseñanza que debe observarse en el Colegio del Estado, el año de 1896

Detalles Bibliográficos
Formato: Libro
Lenguaje:Spanish
Publicado: Puebla : imprenta de la Escuela de Artes y Oficios, 1896.
Materias:
Colección:Banco de datos
Acervo:Universidad Autónoma Benito Juárez de Oaxaca. Biblioteca Francisco de Burgoa. Colección histórica
Descripción Física:316 p. ; 21.5 cm.
Tema general:Pedagogía
Notas:Portada tipográfica con viñeta. Texto a renglón seguido con paginación en números arábigos. Encuadernación en papel
LEADER 00832nam a22001690004500
035 |a 5173 
041 0 |a spa 
245 1 0 |a Programa de la enseñanza que debe observarse en el Colegio del Estado, el año de 1896 
260 |a Puebla : imprenta de la Escuela de Artes y Oficios, 1896. 
300 |a 316 p. ; 21.5 cm.  
500 |a Portada tipográfica con viñeta. Texto a renglón seguido con paginación en números arábigos. Encuadernación en papel 
504 |a Al final de la obra están el índice de contenido y la fe de erratas 
650 1 0 |a Pedagogía 
852 |a Universidad Autónoma "Benito Juárez" de Oaxaca, Biblioteca Francisco de Burgoa, Colección histórica 24249 
942 |c BURHIS 
943 |g Universidad Autónoma Benito Juárez de Oaxaca. Biblioteca Francisco de Burgoa. Colección histórica 
999 |c 1124016  |d 1124016